000 00472cam a22001577a 4500
008 180718b1934 xxu||||| |||| 00| 0 eng d
082 _aT2x42 M178
100 _aMacgregor, D.H.
245 _aEnterprise purpose and profit : essays on industry
_cby D.H.Macgregor
260 _aOxford
_bThe Clarendon Press
_c1934
300 _ax,200p.
650 _aTrusts, Industrial
650 _aBusiness cycles
650 _aIndustrial efficiency
650 _aIndustrial organization
999 _c437481
_d437481